000 00283nam a2200121Ia 4500
999 _c5787
_d5787
003 OSt
008 201105b ||||| |||| 00| 0 eng d
100 _aCOOPER, Donald R.
245 _aBusiness Research Methods
260 _aN.Delhi
_b TMH
_c2013
300 _a950.
942 _2ddc
_cBK
_08